| 000 | 00327nam a22001217a 4500 | ||
|---|---|---|---|
| 020 | _aIS 7267 | ||
| 041 | _aENG | ||
| 245 | _aTest Chart For Woodworking Surface Planing Machines With Cutterblock For One - Side Dressing | ||
| 260 |
_aNew Delhi _bBIS _c1991 |
||
| 300 | _a10 | ||
| 650 | _aBIS Tist Code | ||
| 856 | _uBIS Tist Code | ||
| 999 |
_c2149 _d2149 |
||